عرض عادي
عرض مارك
- Language and languages
مدخل مصطلح موضوعي
001 - رقم الضبط
- حقل الضبط: 45138
003 - معرف رقم الضبط
- حقل الضبط: OSt
005 - تاريخ ووقت أخر عملية
- حقل الضبط: 20140515113652.0
008 - عناصر بيانات ثابتة الطول
- حقل تحكم ثابت الطول: 140515|||a|||||| | ||| d
040 ## - مصدر الفهرسة
- هيئة الفهرسة الأصلية: OSt
- وكالة الكتابة: OSt
150 ## - مدخل-- مصطلح تاريخي
- عنصر مدخل المصطلح الموضوعي او الاسم الجغرافي: Language and languages
- تفريع عام: Political aspects
670 ## - بيانات المصدر موجوده
- الاستشهاد بالمصدر: Work cat.: (OSt): Williams, Colin H. 45136, Linguistic minorities in democratic context /, 2013.
